Statistiques concernant Memory Challenge : Global Branding (partie 2)

Cliquez ici pour prendre le quiz!

Statistiques générales

  • Ce quiz a été pris 10 fois
  • Le résultat moyen est 10 sur 36

Statistiques - réponses

HintRéponse% Correct
locallocal
80%
acheteurbuyer
60%
globalglobal
60%
magasin OU une réservestore
60%
le Rêve AméricainAmerican Dream
50%
maintenirmaintain
50%
consommateur (pour un produit)consumer
40%
efficacitéefficiency
40%
loyalloyal
40%
louer (un bien immobilier)rent
40%
à court termeshort-term
40%
empathieempathy
30%
s'attendre àexpect
30%
saveurflavour
30%
invitéguest
30%
clientcustomer
20%
éco-responsableeco-friendly
20%
étendre, se développerexpand
20%
frontièrefrontier
20%
augmenterincrease
20%
isoléisolated
20%
prospéritéprosperity
20%
réglementéregulated
20%
s'installersettle
20%
remplacement, substitutionsubstitution
20%
non réglementéunregulated
20%
ajustementaccommodation
10%
attrayantappealing
10%
supposerassume
10%
des liensbonds
10%
diminuerdecrease
10%
un drivedrive-through
10%
s'agrandir, s'élargirenlarge
10%
mettre en placeestablish
10%
innover, être les pionniers depioneer
10%
chaîne de productionproduction line
10%

Distribution des résultats

Percentile par nombre de réponses

% des personnes avec chaque résultat

Votre développement - résultats

Vous n’avez pas pris ce quiz